000
00189 a2200097 4500
020
_a
9781563344343
041
_a
spa
100
_a
Kratky, Lada Josefa
245
_a
Somos Amigos
942
_c
BK
999
_c
14871
_d
14871